That 'S it But / (Record no. 171891)
[ view plain ]
| 000 -LEADER | |
|---|---|
| fixed length control field | 00829nam a2200241 4500 |
| 005 - DATE AND TIME OF LATEST TRANSACTION | |
| control field | 20240307152804.0 |
| 010 ## - LCCN (DPL NO) | |
| LC control number | ENG-127520 ENG-137278 |
| 020 ## - INTERNATIONAL STANDARD BOOK NUMBER | |
| Terms of availability | 200.00 |
| International Standard Book Number | 9788187649557 |
| 035 ## - SYSTEM CONTROL NUMBER | |
| System control number | EN-111052 EN-120810 |
| 037 ## - SOURCE OF ACQUISITION | |
| Source of stock number/acquisition | DBAD/PUB |
| 082 ## - DEWEY DECIMAL CLASSIFICATION NUMBER | |
| Classification number | S |
| 100 ## - MAIN ENTRY--PERSONAL NAME | |
| Personal name | Scintillates,Suraa |
| 245 ## - TITLE STATEMENT | |
| Title | That 'S it But / |
| Statement of responsibility, etc | Translated by Gomathi Narayanan, S Krishnan ,Lakshmi Holmstrom and A R Venkatachalapathy : edited by Lakshmi Holmstrom |
| 260 ## - PUBLICATION, DISTRIBUTION, ETC. (IMPRINT) | |
| Place of publication, distribution, etc | New Delhi |
| Name of publisher, distributor, etc | Katha |
| Date of publication, distribution, etc | 2003 |
| 270 ## - ADDRESS | |
| Address | A-3 Sarvodaya Enclave Sri Aurobindo Marg |
| City | New Delhi |
| Postal code | 110017 |
| 300 ## - PHYSICAL DESCRIPTION | |
| Extent | 251p. |
| Dimensions | 21cm(hb) |
| 700 ## - ADDED ENTRY--PERSONAL NAME | |
| Personal name | Narayanan, Gomathi |
| 9 (RLIN) | 62948 |
| 700 ## - ADDED ENTRY--PERSONAL NAME | |
| Personal name | S Krishnan |
| 9 (RLIN) | 62949 |
| 700 ## - ADDED ENTRY--PERSONAL NAME | |
| Personal name | Holmstrom ,Lakshmi |
| 9 (RLIN) | 62950 |
| 700 ## - ADDED ENTRY--PERSONAL NAME | |
| Personal name | A.R Venkatachalapathy |
| 9 (RLIN) | 62951 |
| 700 ## - ADDED ENTRY--PERSONAL NAME | |
| Personal name | Holmstrom ,Lakshmi |
| 9 (RLIN) | 62950 |
| 942 ## - ADDED ENTRY ELEMENTS (KOHA) | |
| Source of classification or shelving scheme | Dewey Decimal Classification |
| Item type | English Books |
| Classification part | S |
| Call number suffix | SUR |
| Withdrawn status | Lost status | Not for loan | Collection code | Home library | Current library | Date acquired | Source of acquisition | Cost, normal purchase price | Full call number | Barcode | Copy number | Cost, replacement price | Koha item type |
|---|---|---|---|---|---|---|---|---|---|---|---|---|---|
| Fiction | Peshwa Road | Peshwa Road | 05/07/2023 | DBAD/PUB | 200.00 | S SUR | EN-120810 | 1 | 200.00 | English Books | |||
| Non-fiction | Sarojini Nagar | Sarojini Nagar | 23/01/2020 | DBAD/PUB | 200.00 | S SUR | EN-111052 | 1 | 200.00 | English Books |
